[Event "Nittenau-ch 10th"]
[Site "Nittenau"]
[Date "2010.10.04"]
[Round "1"]
[White "Hitzler, Philipp"]
[Black "Helf, Stefan"]
[Result "1-0"]
[WhiteElo "2267"]
[BlackElo "1621"]
[PlyCount "67"]
[EventDate "2010.09.17"]
[EventType "swiss"]
[EventRounds "5"]
[EventCountry "GER"]
[SourceTitle "EXT 2022"]
[Source "ChessBase"]
[SourceDate "2021.10.06"]
[SourceVersion "1"]
[SourceVersionDate "2021.10.06"]
[SourceQuality "1"]

1. Nf3 Nf6 2. c4 d5 3. cxd5 Nxd5 4. e4 Nb6 5. d4 e6 6. Be3 N8d7 7. Qc2 Bb4+ 8. Nbd2 0-0 9. Rc1 c6 10. a3 Bxd2+ 11. Bxd2 Re8 12. e5 h6 13. Qe4 f5 14. exf6 Qxf6 15. Bd3 Nd5 16. 0-0 Ne7 17. Rfe1 Nb6 18. Qh7+ Kf8 19. Ne5 Ned5 20. Ng6+ Kf7 21. Bxh6 Rg8 22. Ne5+ Kf8 23. Bd2 Bd7 24. Re3 Ke7 25. Rf3 Rh8 26. Ng6+ Kd6 27. Nxh8 Qxd4 28. Nf7+ Ke7 29. Bc3 Nxc3 30. bxc3 Qg4 31. h3 Qa4 32. Qxg7 Qxa3 33. Qg5+ Ke8 34. Nd6+ 1-0